| 000 | 00504nam a2200181Ia 4500 | ||
|---|---|---|---|
| 003 | GCL | ||
| 008 | 140319s9999 xx 000 0 ara d | ||
| 040 |
_aGCL / _cGCL |
||
| 082 | 0 | 4 |
_a823.03 _bد ا |
| 100 | 1 | _aشفيق مقار | |
| 245 | 1 | 0 |
_aابناء وعشاق / _cشفيق مقار |
| 700 | 1 | _aد.هـ. لورانس | |
| 490 |
_aروايات الهلال _v0 |
||
| 650 | 0 | 4 | _aالادب |
| 650 | 0 | 4 | _aالقصص الانجليزية |
| 650 | 0 | 4 | _aالادب الانجليزى |
| 942 |
_2ddc _cBK |
||
| 999 |
_c39649 _d39649 |
||